| 000 | 00741nam a2200241Ia 4500 | ||
|---|---|---|---|
| 003 | OSt | ||
| 005 | 20220925222313.0 | ||
| 006 | a|||||r|||| 00| 0 | ||
| 007 | ta | ||
| 008 | 220923b |||||||| |||| 00| 0 eng d | ||
| 020 |
_a97802303945 _c389.25 |
||
| 037 |
_b331, 17/10/2011, VDT Research Press _cGeneral Book |
||
| 040 |
_aRTL _cRTL _beng |
||
| 041 |
_2eng _aeng |
||
| 082 | _aX:77.1(X), Q1 | ||
| 100 |
_aThirlwall A P _9124678 |
||
| 245 | 0 |
_aEconomics of development _b Theory and evidence |
|
| 250 | _a19 | ||
| 260 |
_aLondon _bPalgrave Macmillan _c2011 |
||
| 300 |
_axxxiv, 678p _ccm. |
||
| 942 |
_hX:77.1(X), Q1 _cGB _2CC |
||
| 999 |
_c576637 _d576637 |
||